La bolsa y el bolsillo (Record no. 154230)

MARC details
000 -LEADER
campo de control de longitud fija 00925nam a2200181 i 4500
001 - NÚMERO DE CONTROL
campo de control 154230
003 - IDENTIFICADOR DE NÚMERO DE CONTROL
campo de control ES-MaACL
005 - FECHA Y HORA DE LA ÚLTIMA TRANSACCIÓN
campo de control 20230906205558.0
008 - DATOS DE LONGITUD FIJA--INFORMACIÓN GENERAL
campo de control de longitud fija 931025s1859 sp |||| | spa d
100 1# - ENTRADA PRINCIPAL--NOMBRE DE PERSONA
Nombre de persona García Huerta, Antonio.
9 (RLIN) 127211
245 13 - MENCIÓN DEL TÍTULO
Título La bolsa y el bolsillo
Resto del título : comedia en tres actos y en prosa /
Mención de responsabilidad, etc. traducida y arreglada de la que escribió en francés Mr. de Beauplan con el título De Les piéges dorés ... por Antonio Garcia Huerta.
260 ## - PUBLICACIÓN, DISTRIBUCIÓN, ETC.
Lugar de publicación, distribución, etc. Madrid :
Nombre del editor, distribuidor, etc. [s.n.],
Fecha de publicación, distribución, etc. 1859 (
Fabricante Imprenta de José Rodriguez)
300 ## - DESCRIPCIÓN FÍSICA
Extensión 54 p. ;
Dimensiones 19 cm.
500 ## - NOTA GENERAL
Nota general En port.: Representada por primera vez con extraordinario aplauso en el teatro de Lope de Vega el 11 de noviembre de1859.
700 1# - ENTRADA AGREGADA--NOMBRE PERSONAL
Nombre de persona Beauplan, Arthur de.
9 (RLIN) 138027
852 4# - LOCALIZACIÓN
Ubicación ES-MaACL
Número de control de estantería F-8609(11)
Nota libre -- Enc. pasta española
-- -- Enc. en un vol. facticio formando parte de la col. facticia "Teatro español moderno", vol. 64
Holdings
Estatus retirado Estado de pérdida Estado de daño No para préstamo Colección Biblioteca de origen Biblioteca actual Ubicación en estantería Fecha de adquisición Total de préstamos Signatura topográfica completa Código de barras Visto por última vez Precio de reemplazo Tipo de ítem Koha
        Libros del s. XIX Biblioteca del Ateneo de Madrid Biblioteca del Ateneo de Madrid Sala Pecera Planta 2 17/01/2008   F-8609(11) 1161276 23/02/2023 23/02/2023 Libro impreso antiguo